000 01519namaa2200373 i 4500
003 EG-GICUC
005 20260608115247.0
008 260608s2006 ua ||||jr|||| 000 f eng d
017 _a2006 / 20919
_bدار الكتب والوثائق القومية (مصر)
020 _a974370708
040 _aEG-GiCUC
_bara
_cEG-GiCUC
_dEG-GiCUC
_erda
041 _aara
_hrus
043 _af-ua---
082 0 4 _221
_a891.733
_bV694
092 0 4 _221
_a891.733
_bV694
099 _a891.733 V694
100 1 _aفيكو، ناتاليا
_eمؤلف.
245 _aمن الادب الروسي المعاصر :
_bموزاييك الحب والموت /
_cتأليف ناتاليا فيكو ؛ ترجمة على فهمى عبد السلام ؛ تحرير وتقديم نهاد إبراهيم
250 _aالطبعة الاولى
264 _aالقاهرة (مصر) :
_bالمجلس الاعلى للثقافة،
_c2006.
300 _a198 صفحة
_b؛
_c20 سم
336 _2rdacontent
_atext
337 _2rdamedia
_aUnmediated
338 _2rdacarrier
_avolume
490 _aالمشروع القومى للترجمة ؛
_v1046
541 _aوزارة الثقافة ؛
_bالقاهرة ؛
_cإهداء ؛
_d2023.
650 1 7 _aالادب الروسي
_y1800-1917
_2qrmak
650 1 7 _aالقصص الروسية
_y1800-1917
_2qrmak
651 1 _2qrmak
700 1 _aعبد السلام، على فهمى
_eمترجم.
700 1 _aابراهيم، نهاد
_eمحرر.
905 _aNermeen
942 _2ddc
_cBK
_e21
_n0
999 _c180415
_d180415